000 00584nam a2200229 i 4500
001 C2-0060071
003 PPAK
005 20190630222107.0
008 970302s1984 enka|||| ||||| | eng d
020 _a0600347850
040 _aPPAK
_beng
_cPPAK
_erda
082 0 4 _a796.358
_223
090 0 0 _a796.358
_bFAR
_dR
100 1 _aFarmer, Bob,
_eauthor
245 1 0 _aCricket
264 1 _aLondon :
_bHamlyn ,
_c1984
300 _a60 pages :
_billustrations ;
_c24 cm
336 _2rdacontent
_atext
337 _2rdamedia
_aunmediated
338 _2rdacarrier
_avolume
942 _ddc
_cB
999 _c7072
_d7072